Ajedrez: no te dejes comer #6 - ¡Muerte súbita! - Estadísticas

Estadísticas generales
  • Esta prueba ha sido intentada 150 veces
  • La puntuación promedio es 10 de 28
Answers on the Grid
Answers color-coded by a green-red scale on the quiz's grid according to % correct below.
a8
b8
c8
d8
e8
f8
g8
h8
a7
b7
c7
d7
e7
f7
g7
h7
a6
d6
e6
f6
g6
h6
a5
b5
g5
h5
a4
b4
d4
f4
g4
h4
a3
f3
g3
h3
a2
b2
c2
d2
e2
f2
g2
h2
a1
b1
c1
d1
e1
f1
g1
h1
 
Estadísticas de respuestas
Respuesta % Correcto
h8
52%
c8
48%
h7
44%
g8
42%
a1
42%
a7
42%
d8
42%
f8
42%
f7
38%
c1
38%
h1
35%
a5
35%
c7
33%
f1
31%
g4
31%
g6
31%
h5
29%
d2
29%
e1
29%
f6
29%
g1
29%
h2
29%
e6
27%
h3
27%
g5
27%
g2
25%
f4
25%
f2
23%
No se encontraron pruebas coincidentes
Distribución de puntuación
Porcentaje de gente con cada puntuación
Porcentaje por número respondido
Historial de tus puntuaciones
No has intentado esta prueba.